| 000 | 00834nam a22002297a 4500 | ||
|---|---|---|---|
| 005 | 20260515154017.0 | ||
| 010 | _aENG-148508-09 | ||
| 020 |
_a9789371361453 _c1175.00 (VOL.1) |
||
| 020 |
_a9789371365642 _c1290.00 (VOL.2) |
||
| 035 | _aEN-132040-41 | ||
| 037 | _bDBAD | ||
| 082 |
_a005.71262 _2Fourteenth |
||
| 100 | _aHorstmann, Cay S. | ||
| 245 |
_aCore Java : _bVolume ll: Advanced Features / _cCay S. Horstmann |
||
| 250 | _a14th | ||
| 260 |
_aNoida, Uttar Pradesh _bPearson India Education Services Pvt. Ltd _c2026 |
||
| 270 |
_a1st Floor, Berger Tower, Plot No. C-001A/2, Sector 16B, _bNoida, Uttar Pradesh _e201301 _mcompanysecretary.india@pearson.com |
||
| 300 |
_a653p. (vol. 1) _c24cm(pb) |
||
| 300 |
_a888p. (vol. 2) _c24cm(pb) |
||
| 490 | _vSet of 2 Volumes | ||
| 942 |
_2ddc _cEN _h005.71262 _mHOR |
||
| 999 |
_c216222 _d216222 |
||